000 00497nam a22001817a 4500
008 140816b xxu||||| |||| 00| 0 eng d
020 _a9780333601610
020 _a0333601610
050 _aT353
_b.Y37 1994.
100 _aYarwood, A.
245 _aTechnical drawing with design /
260 _aMalaysia :
_bMacmillan publishers limited,
_c1994.
300 _av, 230 p :
_bill. ;
440 0 4 _aThe Motivate series ;
500 _aill. includes index.
650 _bDrawing.
942 _cGEN
_2lcc
999 _c1202
_d1202